Rodokmeny slabomyslných. [Díl 4.], Pedegrees of feeble - Minded Spasmofilie - Epilepsie /

Hlavní autor: Herfort, Karel, 1871-1940
Jazyk: Čeština
Vydáno: V Praze : Fond A. Hrdličky, 1931
Fyzický popis: 46 s.
Knihy
Uloženo v:
LEADER 00746nam a2200193 a 4500
001 000574417
003 CZ BrMZK
005 20070504082320.0
008 010825s1931 xr f cze d
040 |a BOA001  |b cze  |c BOA001 
100 1 |a Herfort, Karel,  |d 1871-1940  |7 jk01040816 
245 1 0 |a Rodokmeny slabomyslných.  |n [Díl 4.],  |p Pedegrees of feeble - Minded Spasmofilie - Epilepsie /  |c Karel Herfort. 
246 3 0 |a Pedegrees of feeble - Minded Spasmofilie - Epilepsie 
260 |a V Praze :  |b Fond A. Hrdličky,  |c 1931 
300 |a 46 s. 
500 |a Zvl. otisk z čas. Anthropologie, čís. 4, 1930 
910 |a BOA001  |b PK-II-0008.593 
990 |a BK 
996 7 |b 3119688132  |c PK-II-0008.593  |l MZK  |r Sklad / do 1 hodiny  |n 2  |w 000574417  |u 000010  |a 1  |e BOA001  |j MZK50  |s A